[Event "It (open)"]
[Site "Aschach (Austria)"]
[Date "2004.12.26"]
[Round "1"]
[White "Jurek Josef (CZE)"]
[Black "Niedermair Hannes (AUT)"]
[Result "1-0"]
[WhiteElo "2367"]
[BlackElo "2092"]

1.d4 d6 2.c4 g6 3.Nc3 Bg7 4.Nf3 Nd7 5.e3 e5 6.Be2 Ne7 7.O-O O-O 8.e4 Nc6 9.Bg5
f6 10.Be3 exd4 11.Nxd4 Nxd4 12.Bxd4 Ne5 13.Rc1 Be6 14.b3 Qd7 15.Nd5 Nc6 16.Bc3
f5 17.Nf4 Bxc3 18.Rxc3 Bf7 19.exf5 Qxf5 20.Nd5 Rab8 21.Rf3 Qe5 22.Nf6+ Kg7
23.Nd7 Qb2 24.Nxf8 Rxf8 25.Qa1 Qxa1 26.Rxa1 Ne5 27.Re3 {#r} 1-0

[Event "It (open)"]
[Site "Montigny le Bretonneux (France)"]
[Date "2004.12.29"]
[Round "5"]
[White "Legky Nikolay A (UKR)"]
[Black "Stroppa Daniel (ITA)"]
[Result "1-0"]
[WhiteElo "2454"]
[BlackElo "2219"]

1.d4 d6 2.Nf3 Bg4 3.e4 Nd7 4.h3 Bh5 5.Nc3 e5 6.g4 Bg6 7.h4 h6 8.Qe2 c6 9.Be3
Qa5 10.O-O-O Ngf6 11.Nd2 b5 12.a3 a6 13.f4 exf4 14.Bxf4 O-O-O 15.e5 dxe5
16.dxe5 Bxa3 17.Qf3 Bxb2+ 18.Kxb2 Qb4+ 19.Nb3 Nd5 20.Nxd5 cxd5 21.Rd4 Qe7
22.Qc3+ {#r} 1-0

[Event "Oberliga East B 2004/05"]
[Site "Germany"]
[Date "2005.01.15"]
[Round "6"]
[White "Nimsch Helmut (GER)"]
[Black "Pichl Michael (GER)"]
[Result "0-1"]
[WhiteElo "2092"]
[BlackElo "2094"]

1.d4 d6 2.c4 e5 3.dxe5 dxe5 4.Qxd8+ Kxd8 5.Nc3 c6 6.Nf3 f6 7.a3 Be6 8.e4 a5
9.Be3 Nd7 10.O-O-O Kc7 11.Be2 Ne7 12.Rd2 Nc8 13.Rc2 a4 14.Rd1 Nc5 15.Ne1 Bf7
16.f4 Nb6 17.Nd5+ cxd5 18.cxd5 Nd7 19.Bg4 Kd6 20.Nd3 Nxd3+ 21.Rxd3 Be7 22.Bxd7
Kxd7 23.d6 Bd8 24.f5 Ba5 25.Bc5 Rhc8 {#R} 0-1

[Event "Oberliga Baden 2004/05"]
[Site "Baden (Germany)"]
[Date "2005.01.16"]
[Round "5"]
[White "Drechsler Christoph (SUI)"]
[Black "Trabert Lukas (GER)"]
[Result "1-0"]
[WhiteElo "2172"]
[BlackElo "2164"]

1.d4 d6 2.Nf3 Nd7 3.e4 c6 4.Bd3 e5 5.c3 g6 6.O-O Bg7 7.Nbd2 Ne7 8.a4 O-O 9.b3
d5 10.Ba3 Kh8 11.Qc2 f5 12.exd5 e4 13.dxc6 exd3 14.cxb7 Bxb7 15.Qxd3 Re8
16.Ng5 Qb6 17.Nf7+ Kg8 18.Nd6 Ba6 19.Qe3 Nd5 20.Qf3 Nxc3 21.Qxc3 Bxd4 22.Qf3
Bxf1 23.Rxf1 Nf6 24.N2c4 Qa6 25.Qd3 Bb6 26.Nxe8 Rxe8 27.Qd6 Rf8 28.Qxf8# 1-0

[Event "Ch Baden"]
[Site "Ottenau (Germany)"]
[Round "4"]
[White "Schwing Hans-Elmar (GER)"]
[Black "Schlenker Joerg (GER)"]
[Result "0-1"]
[WhiteElo "2236"]
[BlackElo "2280"]

1.d4 d6 2.g3 Nd7 3.Bg2 g6 4.c4 Bg7 5.Nc3 e5 6.Nf3 Ne7 7.h4 c6 8.h5 exd4 9.Nxd4
Ne5 10.b3 Qa5 11.Bd2 Bg4 12.f3 Bxh5 13.Ne4 Qc7 14.Bg5 d5 15.Nf6+ Kf8 16.cxd5
Nxf3+ 17.Bxf3 Qxg3+ 18.Kf1 Qxg5 19.Nxh5 gxh5 20.dxc6 bxc6 21.Rc1 Rc8 22.Nxc6
Nf5 {#R} 0-1

[Event "It (open)"]
[Site "Coventry (England)"]
[Date "2005.03.27"]
[Round "7"]
[White "Martyn Rafe (ENG)"]
[Black "Gwaze Robert (ZIM)"]
[Result "1-0"]
[WhiteElo "2323"]
[BlackElo "2422"]

1.d4 d6 2.Nf3 Bg4 3.c4 Nd7 4.e4 e5 5.d5 Ngf6 6.Nc3 Be7 7.h3 Bxf3 8.Qxf3 O-O
9.h4 c6 10.g3 a6 11.Bh3 cxd5 12.cxd5 b5 13.Qe2 Ne8 14.O-O g6 15.Bh6 Ng7
16.Rfc1 Re8 17.b4 Bf8 18.Qd3 Rb8 19.a4 f5 20.axb5 axb5 21.Ra7 Nf6 22.exf5 Nxf5
23.Bxf8 e4 24.Nxe4 Rxe4 25.Bxf5 gxf5 26.Bg7 Qb6 27.Rcc7 Rc4 28.Qxc4 {#r} 1-0

[Event "Ch Hessen (b)"]
[Site "Offenbach (Germany)"]
[Date "2005.03.28"]
[Round "1"]
[White "Uwira Oliver (GER)"]
[Black "Von Kiedrowski Klemens (GER)"]
[Result "1-0"]
[WhiteElo "2257"]
[BlackElo "2087"]

1.d4 d6 2.Nf3 Bg4 3.e4 Nf6 4.Nc3 e6 5.h3 Bh5 6.Qe2 c6 7.g4 Bg6 8.h4 h5 9.g5
Nfd7 10.Bf4 Qa5 11.O-O-O e5 12.Bg3 b5 13.dxe5 dxe5 14.Nxe5 Nxe5 15.Bxe5 b4
16.Qd3 Be7 17.Bxg7 Rg8 18.Bf6 bxc3 19.Bxe7 Kxe7 20.Qd6+ Ke8 21.Bh3 Qb6 22.b3
a5 23.Rd5 cxd5 24.Qxb6 Bxe4 25.Re1 {#r} 1-0

[Event "It (open)"]
[Site "Metz (France)"]
[Date "2005.04.23"]
[Round "8"]
[White "Szymanski Marcin (POL)"]
[Black "Bronznik Valerij (UKR)"]
[Result "1-0"]
[WhiteElo "2434"]
[BlackElo "2386"]

1.d4 d6 2.Nf3 f5 3.Nc3 Nf6 4.Bg5 d5 5.e3 c6 6.Ne5 e6 7.g4 Be7 8.gxf5 exf5
9.Rg1 g6 10.Qf3 Ne4 11.Nxe4 dxe4 12.Qf4 Be6 13.O-O-O Bxg5 14.Rxg5 Nd7 15.d5
cxd5 16.Bb5 Qe7 17.Rgg1 Rc8 18.Nxd7 Bxd7 19.Rxd5 Bxb5 20.Re5 Bd3 21.c3 Rc5
22.Rxe7+ Kxe7 23.Qh6 Rcc8 24.Qg7+ Ke6 25.Qxb7 a6 26.Rf1 {#r} 1-0

[Event "Landesliga 2004/05"]
[Site "Mecklenburg-Vorpommern (Germany)"]
[Date "2005.04.24"]
[Round "9"]
[White "Kunow Frank (GER)"]
[Black "Rittemann Steffen (GER)"]
[Result "0-1"]
[WhiteElo "2101"]
[BlackElo "2159"]

1.d4 d6 2.Bg5 g6 3.e4 Bg7 4.c3 Nf6 5.Bd3 e5 6.Nf3 Nbd7 7.O-O h6 8.Bh4 O-O
9.Nbd2 g5 10.Bg3 Nh5 11.Nxe5 dxe5 12.Qxh5 exd4 13.cxd4 Nf6 14.Qe2 Qxd4 15.Nf3
Qb6 16.e5 Re8 17.Bc2 Bg4 18.Rad1 Nh5 19.Rfe1 Nxg3 20.hxg3 Rxe5 21.Qd3 Bf5
22.Nxe5 Bxd3 23.Rxd3 Qxb2 24.Rd2 Bxe5 25.Rde2 Bf6 {#R} 0-1

[Event "Ch Armenia (w)"]
[Site "Yerevan (Armenia)"]
[Round "6"]
[White "Hayrapetian Arman (ARM)"]
[Black "Avanesyan Ani (ARM)"]
[Result "0-1"]
[WhiteElo "2310"]
[BlackElo "2152"]

1.d4 d6 2.Nf3 g6 3.Bf4 Bg7 4.c3 Nd7 5.e3 e5 6.dxe5 dxe5 7.Bg5 Ne7 8.Bc4 O-O
9.O-O h6 10.Bh4 Qe8 11.e4 Kh8 12.Nbd2 f5 13.exf5 gxf5 14.Bxe7 Qxe7 15.Re1 e4
16.Nd4 Ne5 17.Bf1 c5 18.Nc2 Be6 19.f3 Rad8 20.Qe2 Qg5 21.Red1 Rxd2 {#R} 0-1

[Event "It (open)"]
[Site "Minneapolis (USA)"]
[Date "2005.05.18"]
[Round "1"]
[White "Tapia Daniel (COL)"]
[Black "Dowling John (USA)"]
[Result "1-0"]
[WhiteElo "2307"]
[BlackElo "2078"]

1.d4 d6 2.Nf3 Bg4 3.c4 Bxf3 4.gxf3 g6 5.f4 Bg7 6.Bg2 Nc6 7.e3 e5 8.fxe5 dxe5
9.d5 Qg5 10.Rg1 Nce7 11.d6 Qh4 12.dxe7 Qxc4 13.Nd2 Qb5 14.Qb3 Qxb3 15.axb3 c6
16.Nc4 Kxe7 17.Nb6 Rb8 18.Rxa7 Kd6 19.Bd2 Nh6 20.Ke2 f5 21.Rd1 Ke6 22.Bb4 {#r}
1-0

[Event "Ch Poland (team) (juniors) (1 liga)"]
[Site "Koszalin (Poland)"]
[Date "2005.07.06"]
[Round "2"]
[White "Matuszewski Michal (POL)"]
[Black "Bebel Arkadiusz (POL)"]
[Result "1-0"]
[WhiteElo "2005"]
[BlackElo "2000"]

1.d4 d6 2.Nf3 Bg4 3.e4 Bxf3 4.Qxf3 e5 5.Bc4 Qd7 6.O-O exd4 7.c3 Nc6 8.Bb5 dxc3
9.Nxc3 Nge7 10.Nd5 a6 11.Ba4 b5 12.Bb3 Nd4 13.Nxc7+ Qxc7 14.Qxf7+ Kd8 15.Bg5
h6 16.Bh4 a5 17.Bd5 Ra6 18.Rfd1 Qb6 19.Kh1 Nc6 20.f4 Na7 21.Rac1 Qb8 22.e5 Nc8
23.Be6 Na7 24.f5 Qb7 25.exd6 {#r} 1-0

[Event "It (open)"]
[Site "Biel (Switzerland)"]
[Date "2005.07.18"]
[Round "1"]
[White "Heinis Vincent (FRA)"]
[Black "Tseshkovsky Vitaly (RUS)"]
[Result "0-1"]
[WhiteElo "2184"]
[BlackElo "2600"]

1.d4 d6 2.Nf3 g6 3.c4 Nf6 4.Nc3 Bf5 5.h3 Bg7 6.g3 Ne4 7.Nxe4 Bxe4 8.Bg2 c5
9.dxc5 Qa5+ 10.Bd2 Qxc5 11.b4 Qxc4 12.Rc1 Qd5 13.Rc8+ Kd7 14.Rxh8 Bxh8 15.O-O
Nc6 16.a4 Rc8 17.h4 e6 {#R} 0-1

[Event "Ch Autonomico (a)"]
[Site "Cullera (Spain)"]
[Date "2005.07.23"]
[Round "3"]
[White "Sanchiz Marti Josep Miquel (ESP)"]
[Black "Arizmendi Martinez Julen L (ESP)"]
[Result "0-1"]
[WhiteElo "2104"]
[BlackElo "2509"]

1.d4 d6 2.c4 e5 3.dxe5 dxe5 4.Qxd8+ Kxd8 5.Nc3 Be6 6.b3 c6 7.Bb2 Nd7 8.g3 g5
9.O-O-O Kc7 10.Ne4 a6 11.e3 a5 12.f4 gxf4 13.gxf4 exf4 14.Nh3 fxe3 15.Nhg5 Bg4
16.Bxh8 Bb4 {#R} 0-1

[Event "It (open)"]
[Site "Cullera (Spain)"]
[Date "2005.07.25"]
[Round "4"]
[White "Kovacevic Slobodan (SRB)"]
[Black "Pavia Miralles J M (ESP)"]
[Result "1-0"]
[WhiteElo "2339"]
[BlackElo "2281"]

1.d4 d6 2.Bg5 c6 3.Nf3 h6 4.Bh4 Qb6 5.b3 g5 6.Bg3 Bg7 7.e3 Nf6 8.c3 Bg4 9.h3
Bh5 10.Bd3 Nbd7 11.Nbd2 Nd5 12.Rc1 Qa5 13.Nc4 Qc7 14.b4 N7b6 15.Na5 Qd7 16.a3
f5 17.c4 Nf6 18.Qc2 Bg6 19.c5 Nc8 20.Nd2 O-O 21.O-O Kh8 22.Bh2 Bh7 23.Rfe1 e6
24.cxd6 b6 25.Nac4 {#r} 1-0

[Event "Ch Region"]
[Site "Tula (Russia)"]
[Date "2005.08.07"]
[Round "3"]
[White "Manaenkov Vladimir (RUS)"]
[Black "Kosolapov Viktor (RUS)"]
[Result "1-0"]
[WhiteElo "2216"]
[BlackElo "2199"]

1.d4 d6 2.Nf3 Nd7 3.e4 Ngf6 4.e5 dxe5 5.dxe5 Ng4 6.Bf4 g5 7.e6 fxe6 8.Nxg5
Nde5 9.Qxd8+ Kxd8 10.h3 Ng6 11.Bg3 Nh6 12.Nc3 c6 13.O-O-O+ Ke8 14.Nb5 Bd7
15.Nc7+ Kd8 16.Nxa8 e5 {#r} 1-0

[Event "It (open)"]
[Site "Olomouc (Czech Republic)"]
[Date "2005.08.09"]
[Round "7"]
[White "Bozinovic Bogdan (CRO)"]
[Black "Aepfler Christian (GER)"]
[Result "0-1"]
[WhiteElo "2250"]
[BlackElo "2268"]

1.d4 d6 2.c4 e5 3.d5 f5 4.e4 fxe4 5.Nc3 Bf5 6.Nge2 Nf6 7.Ng3 Bg6 8.h4 h6 9.Qc2
Nbd7 10.Ngxe4 Nxe4 11.Bd3 Ndc5 12.Bxe4 Nxe4 13.Nxe4 Be7 14.h5 Bh7 15.Qe2 O-O
16.Bd2 Bxe4 17.Qxe4 Bg5 18.Bc3 Qd7 19.g3 Rf7 20.Ke2 Raf8 21.Rh2 Rf5 22.Rf1 Rf3
23.Rd1 Qf7 24.Rf1 Re3+ 25.Qxe3 Bxe3 26.Kxe3 Qf3+ 27.Kd2 Rf4 28.Kc2 Qe2+ {#R}
0-1

[Event "Ch Slovenia (w)"]
[Site "Ptuj (Slovenia)"]
[Date "2005.08.19"]
[Round "9"]
[White "Rozic Vesna (SLO)"]
[Black "Ursic Simona (SLO)"]
[Result "1-0"]
[WhiteElo "2200"]
[BlackElo "2040"]

1.d4 d6 2.Nf3 Bg4 3.Nbd2 Nd7 4.e4 e5 5.Be2 Ngf6 6.dxe5 dxe5 7.O-O Be7 8.c3 c6
9.Qc2 O-O 10.Nc4 Qc7 11.Bg5 Rfe8 12.a4 a5 13.Rad1 Nc5 14.Ncxe5 Ncxe4 15.Nxg4
Nxg5 16.Nxg5 h6 17.Nxf6+ Bxf6 18.Nf3 {#r} 1-0

[Event "It (open)"]
[Site "Brasschaat (Belgium)"]
[Date "2005.08.24"]
[Round "5"]
[White "Sadkowsky Daniel (BEL)"]
[Black "Dutreeuw Marc (BEL)"]
[Result "1-0"]
[WhiteElo "2304"]
[BlackElo "2375"]

1.d4 d6 2.Nf3 g6 3.c4 Bg7 4.Nc3 e5 5.e3 Nh6 6.Be2 f6 7.O-O Nf7 8.b4 O-O 9.Bb2
f5 10.dxe5 dxe5 11.Qxd8 Rxd8 12.Rad1 Rxd1 13.Rxd1 c6 14.Na4 Nd7 15.c5 b5
16.cxb6 axb6 17.Bc4 b5 18.Be6 h6 19.Nc5 Nf8 20.Bb3 e4 21.Ne5 Bxe5 22.Bxe5 Ra7
23.Rd8 Bd7 24.Bd6 {#r} 1-0

[Event "It "]
[Site "Paington (England)"]
[Date "2005.09.08"]
[Round "5"]
[White "Menadue Jeremy F S (ENG)"]
[Black "Hurwitz Ed (ENG)"]
[Result "1-0"]
[WhiteElo "2190"]
[BlackElo "2073"]

1.d4 d6 2.c4 e5 3.d5 f5 4.Nc3 Nf6 5.g3 g6 6.Bg2 Bg7 7.Rb1 O-O 8.b4 a5 9.a3 Bd7
10.Nf3 axb4 11.axb4 Qe8 12.O-O h6 13.c5 Na6 14.cxd6 cxd6 15.Qb3 Nc7 16.b5 Qf7
17.b6 Na6 18.Be3 Ne8 19.Nb5 Nc5 20.Bxc5 dxc5 21.Rfd1 e4 22.Nfd4 {#r} 1-0

[Event "It (open)"]
[Site "Tatranske Zruby (Slovakia)"]
[Date "2005.09.16"]
[Round "8"]
[White "Mozny Milos (CZE)"]
[Black "Jossien Remy (FRA)"]
[Result "1-0"]
[WhiteElo "2364"]
[BlackElo "2241"]

1.d4 d6 2.Nf3 g6 3.g3 b6 4.Bg2 Bb7 5.c4 Bg7 6.Nc3 e6 7.O-O Ne7 8.e4 Nd7 9.Be3
a6 10.Qd2 h6 11.Rad1 c6 12.b4 Qc7 13.c5 bxc5 14.bxc5 dxc5 15.Bf4 Qa5 16.dxc5
Nxc5 17.Nd5 Qxd2 18.Nc7+ Kf8 19.Nxd2 Rc8 20.Nc4 e5 21.Be3 Bf6 22.Bxc5 Rxc7
23.Bb6 Rc8 24.Nd6 Kg7 25.Nxb7 {#r} 1-0

[Event "Ch Belgrade (team) (qual. liga)"]
[Site "Belgrade (Yugoslavia)"]
[Round "0"]
[White "Stamenkovic Aleksandar (SRB)"]
[Black "Vlatkovic Sinisa (SRB)"]
[Result "0-1"]
[WhiteElo "2260"]
[BlackElo "2321"]

1.d4 d6 2.c4 e5 3.Nf3 Nc6 4.d5 Nce7 5.e4 f5 6.Nc3 Nf6 7.Bd3 g6 8.O-O Bg7 9.Ng5
f4 10.c5 h6 11.cxd6 hxg5 12.dxe7 Qxe7 13.Qa4+ Bd7 14.Bb5 Bf8 15.Bxd7+ Nxd7
16.Rd1 Qh7 17.h3 g4 18.Rd3 Bc5 19.b4 Bb6 20.Qd1 Qh4 21.Qf1 g3 22.Qe2 Nf6
23.Qf3 Ng4 24.Nd1 gxf2+ 25.Kh1 Qg3 26.Bxf4 Rxh3+ {#R} 0-1

[Event "It (open)"]
[Site "Hamburg (Germany)"]
[Date "2005.10.06"]
[Round "6"]
[White "Schoengart Ralf (GER)"]
[Black "Wendt Jan-Dietrich (GER)"]
[Result "0-1"]
[WhiteElo "2100"]
[BlackElo "2331"]

1.d4 d6 2.Nf3 g6 3.Bf4 Bg7 4.c3 Nd7 5.e3 e5 6.dxe5 dxe5 7.Bg3 Ne7 8.Nbd2 Nf5
9.Qa4 O-O 10.O-O-O Qe7 11.Ne4 a5 12.Be2 c6 13.Rd2 b5 14.Qd1 Nc5 15.Nfg5 Nxe4
16.Nxe4 Be6 17.Kb1 Rfd8 18.Bf3 b4 19.Rxd8+ Rxd8 20.Qa4 Nxg3 21.Nxg3 bxc3
22.Bxc6 Rd2 23.b3 Qd8 24.Kc1 Rb2 25.Nf1 Qd3 26.Be4 Rb1# 0-1

[Event "Ch Slovenia (team) West"]
[Site "Bled (Slovenia)"]
[Date "2005.11.04"]
[Round "2"]
[White "Malnar Toni (SLO)"]
[Black "Veber Bojan (SLO)"]
[Result "0-1"]
[WhiteElo "2058"]
[BlackElo "2140"]

1.d4 d6 2.Nf3 g6 3.e4 Nf6 4.Bd3 Bg7 5.O-O O-O 6.h3 Nc6 7.c3 e5 8.Bg5 h6 9.Be3
d5 10.dxe5 Nxe4 11.Bxe4 dxe4 12.Qxd8 Rxd8 13.Nfd2 Nxe5 14.Nxe4 f5 15.Nc5 b6
16.Nb3 Ba6 17.Rc1 c5 18.N1d2 Nd3 19.Rcb1 f4 {#R} 0-1

[Event "Ch Ukraine (juniors) (under 18) (1/2 final)"]
[Site "Dnepropetrovsk (Ukraine)"]
[Round "7"]
[White "Tishin D (UKR)"]
[Black "Bogdanovich Stanislav (UKR)"]
[Result "1-0"]
[WhiteElo "2331"]
[BlackElo "2107"]

1.d4 d6 2.Nf3 Bg4 3.e4 g6 4.h3 Bxf3 5.Qxf3 Bg7 6.Bc4 e6 7.c3 h6 8.O-O Ne7
9.Be3 O-O 10.Nd2 Nd7 11.Qg3 Kh7 12.Bb3 e5 13.f4 f5 14.dxe5 dxe5 15.fxe5 fxe4
16.e6 Nf6 17.Qe1 Nf5 18.Bc5 Re8 19.Rd1 Qc8 20.Nxe4 Nxe4 21.Qxe4 Ng3 22.Qg4
Nxf1 23.Rd7 h5 24.Qg5 Ng3 25.Qxg3 Rd8 26.Bc2 {#r} 1-0

[Event "It"]
[Site "Dnepropetrovsk (Ukraine)"]
[Date "2005.12.08"]
[Round "2"]
[White "Truskavetsky Alexandr (UKR)"]
[Black "Matjushin Gennady (UKR)"]
[Result "0-1"]
[WhiteElo "2409"]
[BlackElo "2425"]

1.d4 d6 2.c4 e5 3.dxe5 dxe5 4.Qxd8+ Kxd8 5.f4 Nc6 6.Nf3 Bd6 7.c5 Bxc5 8.fxe5
Bg4 9.Bg5+ Kc8 10.Nc3 h6 11.Bf4 Nge7 12.h3 Bxf3 13.exf3 Bd4 14.O-O-O Ng6
15.Bd2 Bxe5 16.Bc4 f6 17.g3 a6 18.f4 Bd6 19.Rhe1 Rd8 20.Ne4 b5 21.Bd5 Kb7
22.Kb1 Ne7 23.Nxd6+ Rxd6 24.Rxe7 Rxd5 25.Rxg7 Rad8 26.Kc1 Nb4 27.Re7 Nd3+ {#R}
0-1

[Event "Oberliga East B 2005/06"]
[Site "Germany"]
[Date "2005.12.11"]
[Round "4"]
[White "Ullrich Manfred (GER)"]
[Black "Janoschka Arnd (GER)"]
[Result "0-1"]
[WhiteElo "2108"]
[BlackElo "2253"]

1.d4 d6 2.h3 Nd7 3.Nf3 e5 4.dxe5 dxe5 5.Bg5 Ngf6 6.e4 c6 7.Bc4 Be7 8.Nc3 O-O
9.O-O b5 10.Bd3 Bb7 11.a3 a6 12.b3 Qc7 13.Qe2 Nc5 14.b4 Ne6 15.Nd1 h6 16.Bh4
Nf4 17.Qd2 Rad8 18.Qc3 Rxd3 19.Qb2 Rxf3 20.gxf3 Nxe4 21.Bg3 Ng5 22.Ne3 Nxf3+
23.Kh1 c5 24.Bxf4 exf4 25.Ng2 Qc8 26.Nxf4 Bg5 27.Kg2 Bxf4 {#R} 0-1

[Event "Verbandsliga Baden North 2005/06"]
[Site "Baden (Germany)"]
[Date "2005.12.18"]
[Round "4"]
[White "Schweitzer Michael (GER)"]
[Black "Springmann Martin (GER)"]
[Result "0-1"]
[WhiteElo "2145"]
[BlackElo "2255"]

1.d4 d6 2.c4 e5 3.d5 f5 4.Nc3 Nf6 5.Bg5 Be7 6.Bxf6 Bxf6 7.e4 O-O 8.b4 a5 9.a3
Na6 10.Qb1 Bd7 11.c5 axb4 12.axb4 dxc5 13.Bxa6 cxb4 14.Bxb7 Rxa1 15.Qxa1 Qb8
16.Ba6 bxc3 17.Bd3 fxe4 18.Bxe4 Qb4 19.Bc2 Bg5 20.Nf3 Bd2+ 21.Kf1 Qc4+ 22.Kg1
e4 23.Nxd2 cxd2 24.Qd1 Qd4 25.h3 Rxf2 26.Kh2 Qe5+ 27.Kg1 Qg3 28.Bxe4 Bb5 {#R}
0-1

[Event "It (open)"]
[Site "Erandio (Spain)"]
[Date "2005.12.19"]
[Round "5"]
[White "Galarza Bilbao Xabier (ESP)"]
[Black "Paunovic Dragan (SRB)"]
[Result "0-1"]
[WhiteElo "2135"]
[BlackElo "2514"]

1.d4 d6 2.c4 e5 3.Nf3 e4 4.Ng5 Qe7 5.Nc3 Nf6 6.Qc2 Nc6 7.e3 Bf5 8.g4 Bxg4
9.Bg2 O-O-O 10.O-O g6 11.b4 Bh6 12.b5 Nb4 13.Qa4 Bxg5 14.Qxb4 Bf3 15.Bh3+ Kb8
16.b6 cxb6 17.a4 Bh4 18.Re1 Ng4 19.Bxg4 Qg5 20.h3 h5 21.Nxe4 Bxe4 22.f4 Qa5
{#R} 0-1

[Event "It (open) (masters)"]
[Site "Zuerich (Switzerland)"]
[Date "2005.12.29"]
[Round "5"]
[White "Schacht Holger (GER)"]
[Black "Rukavina Josip (CRO)"]
[Result "0-1"]
[WhiteElo "2290"]
[BlackElo "2418"]

1.d4 d6 2.Nf3 g6 3.c4 Bg7 4.Nc3 Bg4 5.Bg5 c6 6.e3 Qa5 7.Bh4 Nh6 8.h3 Bxf3
9.Qxf3 Nf5 10.Bg3 Nxg3 11.Qxg3 c5 12.O-O-O Nc6 13.Qh4 O-O 14.Kb1 Rac8 15.Nd5
Rfe8 16.Be2 cxd4 17.exd4 Nb4 18.Nxb4 Qxb4 19.Qg5 Qb6 20.Qd2 e5 21.dxe5 dxe5
22.f3 e4 23.fxe4 Rxe4 24.Qc2 Bxb2 25.Qxe4 Bf6+ 26.Kc2 Qb2+ 27.Kd3 Qc3# 0-1

[Event "It (open)"]
[Site "Bosnjaci (Croatia)"]
[Date "2006.01.04"]
[Round "2"]
[White "Sertic Rudolf (CRO)"]
[Black "Krstic Uros (CRO)"]
[Result "0-1"]
[WhiteElo "2321"]
[BlackElo "2365"]

1.d4 d6 2.c4 e5 3.d5 a5 4.e4 Na6 5.Bd3 Nc5 6.Nc3 Be7 7.Nge2 Bg5 8.O-O h6 9.f4
exf4 10.Nxf4 Nf6 11.Be3 b6 12.Bd4 O-O 13.e5 Ng4 14.exd6 cxd6 15.Be2 Ne5 16.b3
Bf5 17.Nb5 Qd7 18.Nh5 Bg6 19.Nf4 Bf5 20.Qe1 Rae8 21.Nh5 Ned3 22.Qc3 Rxe2
23.Bxc5 f6 24.Ng3 Bd2 25.Nxe2 Bxc3 26.Nexc3 {#R} 0-1

[Event "It (open)"]
[Site "Bosnjaci (Croatia)"]
[Date "2006.01.07"]
[Round "7"]
[White "Rukavina Dario (CRO)"]
[Black "Biti Ozren (CRO)"]
[Result "0-1"]
[WhiteElo "2312"]
[BlackElo "2365"]

1.d4 d6 2.Nf3 g6 3.g3 Bg7 4.Bg2 Nd7 5.c4 e5 6.Nc3 Ne7 7.O-O O-O 8.dxe5 dxe5
9.Nd2 f5 10.Nd5 c6 11.Nxe7+ Qxe7 12.e4 f4 13.Bh3 Nc5 14.Bxc8 Raxc8 15.b3 Ne6
16.Bb2 Rcd8 17.Qe2 Ng5 18.Nf3 fxg3 19.fxg3 Rxf3 20.Rxf3 Rd2 {#R} 0-1

[Event "It (open)"]
[Site "Sevilla (Spain)"]
[Date "2006.01.08"]
[Round "2"]
[White "Castillo Gomez Jesus (ESP)"]
[Black "Hickl Joerg (GER)"]
[Result "0-1"]
[WhiteElo "2052"]
[BlackElo "2545"]

1.d4 d6 2.c4 e5 3.dxe5 dxe5 4.Qxd8+ Kxd8 5.Nc3 Be6 6.b3 Nd7 7.Bb2 c6 8.Nf3 f6
9.g3 a5 10.Bg2 Nh6 11.O-O Nf7 12.Rfd1 Kc7 13.Na4 Nc5 14.Nxc5 Bxc5 15.Nd2 Be7
16.Ne4 Rhd8 17.Nc3 Bb4 18.Na4 Bf5 19.e4 Be6 20.c5 Ng5 21.f3 Bf7 22.f4 exf4
23.gxf4 Ne6 24.e5 f5 25.Nb6 Bxc5+ {#R} 0-1

[Event "It (open)"]
[Site "Sevilla (Spain)"]
[Date "2006.01.09"]
[Round "3"]
[White "Lazaro Porta Angel (ESP)"]
[Black "Paunovic Dragan (SRB)"]
[Result "0-1"]
[WhiteElo "2073"]
[BlackElo "2505"]

1.d4 d6 2.c4 e5 3.dxe5 dxe5 4.Qxd8+ Kxd8 5.Nf3 f6 6.Nc3 Be6 7.e4 Nd7 8.Be3 c6
9.a3 a5 10.Be2 Bc5 11.Bxc5 Nxc5 12.Nd2 a4 13.O-O Nh6 14.Rad1 Kc7 15.h3 Rhd8
16.f4 exf4 17.Rxf4 Nf7 18.Nf3 Rxd1+ 19.Nxd1 Rd8 20.Nc3 h6 21.Kf2 Ne5 22.Nxe5
fxe5 23.Rf3 Rd2 24.Rg3 g5 25.Rf3 Rxb2 26.Rf6 Rc2 27.Nxa4 Nxe4+ {#R} 0-1

[Event "Bundesliga B East 2005/06"]
[Site "Austria"]
[Date "2006.01.15"]
[Round "6"]
[White "Froeschl Felix (AUT)"]
[Black "Asauskas Henrikas (LTU)"]
[Result "0-1"]
[WhiteElo "2191"]
[BlackElo "2263"]

1.d4 d6 2.g3 g6 3.Bg2 Bg7 4.Nf3 Nd7 5.O-O e5 6.c3 Ne7 7.a4 O-O 8.Nbd2 h6 9.Qc2
f5 10.dxe5 dxe5 11.Nc4 Nc6 12.Be3 f4 13.gxf4 exf4 14.Bd4 Qe8 15.Bxg7 Kxg7
16.Rad1 Nb6 17.Nxb6 axb6 18.Nd4 Nxd4 19.Rxd4 Ra5 20.Bf3 g5 21.Kh1 g4 22.Rg1
Rg5 23.Bg2 Rh5 24.Rgd1 f3 25.exf3 gxf3 26.Bf1 Qe5 {#R} 0-1

[Event "Memorial Tringov"]
[Site "Plovdiv (Bulgaria)"]
[Date "2006.02.08"]
[Round "2"]
[White "Mladenov Ilian (BUL)"]
[Black "Andonov Bogomil (BUL)"]
[Result "0-1"]
[WhiteElo "2222"]
[BlackElo "2371"]

1.d4 d6 2.Nf3 Bg4 3.e4 Nf6 4.Bd3 e6 5.Bg5 Be7 6.Nbd2 c6 7.O-O d5 8.c3 dxe4
9.Nxe4 Nxe4 10.Bxe7 Nxc3 11.Bxd8 Nxd1 12.Raxd1 Bxf3 13.gxf3 Kxd8 14.f4 g6
15.Rfe1 a5 16.Kg2 Nd7 17.a3 a4 18.Bc4 Kc7 19.Rd2 Rhd8 20.Red1 Nf6 21.Kf3 Ra5
{#R} 0-1

[Event "It (open) "]
[Site "Hendersonville (USA)"]
[Date "2006.03.11"]
[Round "1"]
[White "Chjumachenko A (RUS)"]
[Black "Pohl Klaus A (USA)"]
[Result "1-0"]
[WhiteElo "2320"]
[BlackElo "2248"]

1.d4 d6 2.c4 e5 3.Nf3 e4 4.Ng5 f5 5.h4 Nf6 6.Nc3 c6 7.d5 Be7 8.g3 h6 9.Nh3
Nbd7 10.Bg2 Ne5 11.dxc6 bxc6 12.b3 O-O 13.O-O Nfg4 14.f3 Qb6+ 15.Kh1 Ne3
16.Bxe3 Qxe3 17.Nd5 cxd5 18.Qxd5+ Kh8 19.Qxa8 g5 20.h5 Be6 21.Qb7 Rf7 22.c5
dxc5 23.Qb8+ {#r} 1-0

[Event "It (open)"]
[Site "Lyons (France)"]
[Round "6"]
[White "Ikonnikov Vyacheslav (RUS)"]
[Black "Marholev Dimitar (BUL)"]
[Result "1-0"]
[WhiteElo "2587"]
[BlackElo "2391"]

1.d4 d6 2.Nf3 Bg4 3.c4 Bxf3 4.exf3 e6 5.Qb3 Nc6 6.Be3 d5 7.Nc3 Bb4 8.cxd5 Qxd5
9.Bc4 Qa5 10.O-O Nge7 11.d5 exd5 12.Nxd5 Nxd5 13.Bxd5 O-O 14.Rfd1 Nd8 15.Be4
c6 16.Rd7 Bc5 17.Bxh7+ Kxh7 18.Qc2+ Kg8 19.Bxc5 Re8 20.Be3 b6 21.a3 c5 22.Qc4
Ne6 23.Bd2 {#r} 1-0